La metamorfosis : Y otros relatos /

La metamorfosis (Die Verwandlung, en su título original en alemán) es un relato de Franz Kafka publicado en 1915 que narra la historia de Gregorio Samsa, un comerciante de telas que vive con su familia a la que él mantiene con su sueldo, quien un día amanece convertido en un enorme insecto.

Bibliographic Details
Main Author: Kafka, Franz 1883-1924
Format: Libro
Language:Spanish
Published: Santiago, Chile Andrés Bello 2001
Edition:7a ed.
Subjects:
Online Access:

MARC

LEADER 00000cam a2200000 a 4500
001 021790
003 UAHC_CL
005 20170803122032.0
008 140904s1976 cl g 000 1 spa
020 |a 8495407698 
040 |a UAHC_CL  |c UAHC_CL  |d UAHC_CL 
082 0 4 |a 891.86  |b K11  |2 20 
100 1 |a Kafka, Franz  |d 1883-1924 
245 1 3 |a La metamorfosis :  |b Y otros relatos /  |c Franz Kafka. 
250 |a 7a ed. 
260 |b Andrés Bello  |a Santiago, Chile  |c 2001 
300 |a 203 p. 
520 |a La metamorfosis (Die Verwandlung, en su título original en alemán) es un relato de Franz Kafka publicado en 1915 que narra la historia de Gregorio Samsa, un comerciante de telas que vive con su familia a la que él mantiene con su sueldo, quien un día amanece convertido en un enorme insecto. 
650 4 |a NOVELAS CHECOSLOVACAS 
900 |a 891.86 KAFE 
942 |c BK 
952 |0 0  |1 0  |4 0  |6 891_860000000000000_KAFE  |7 0  |8 General  |9 43126  |a BC  |b BC  |c General  |d 2017-08-03  |l 1  |o 891.86 KAFE  |p 1440528  |r 2025-11-26 00:00:00  |s 2025-06-09  |t 1  |w 2017-08-03  |y BK 
999 |c 21790  |d 21790